Slave society in Cuba during the Nineteenth Century.

Saved in:
Bibliographic Details
Main Author: Knight, Franklin W
Format: Book
Language:English
Published: Madison, Wisconsin, USA The University of Winconsin Press 1970
Subjects:
Tags: Add Tag
No Tags, Be the first to tag this record!

MARC

LEADER 00000nam a2200000 a 4500
001 UCI6612
003 CL-VaPUC
005 20220829094355.0
008 080516e19700000US |||||||||||||||||eng|d
999 |c 330067  |d 330065 
020 |a 0299057941 
040 |c Pontificia Universidad Católica de Valparaíso 
082 0 4 |a 326 KNI 1970  |2 21 
100 0 |a Knight, Franklin W  |9 529544 
245 1 0 |a Slave society in Cuba during the Nineteenth Century. 
260 0 3 |a Madison, Wisconsin, USA  |b The University of Winconsin Press  |c 1970 
300 |a 228 páginas. 
583 |a last modification  |c 20120418 11:12:11  |k Rodrigo Vera 
650 0 |a Esclavitud  |9 323605 
650 0 |a Abolición de la esclavitud  |9 398424 
650 7 |a NEGROS  |2 CL-VaPUC  |9 340345 
650 7 |a PLANTACIONES  |2 CL-VaPUC  |9 264391 
650 0 |a Problemas sociales  |9 258537 
942 |c BK  |2 ddc 
945 |d 20080516 00:00:00  |a jtorresc 
952 |0 0  |1 0  |2 ddc  |4 0  |6 326_000000000000000_KNI_1970  |7 0  |8 A  |9 415356  |a BIBHIS  |b BIBHIS  |d 2019-11-22  |i 4439295  |o 326 KNI 1970  |p 4439295  |r 2025-01-20  |t 1  |w 2019-11-22  |y BK  |k HIS